000 00423nam a22001457a 4500
082 _a920
_bGEE/H
100 _aGEETHAKRISHNAN, GEETHALAYAM
245 _aHELENKELLERUDE JEEVITHAKATHA
246 _aHELENKELLERUDE JEEVITHAKATHA
_bHELENKELLERUDE JEEVITHAKATHA
260 _aCALICUT, INDIA
_bPOONA PUBLICATIONS
_c2021
300 _a120
520 _aAUTOBIOGRAPHY IN MALAYALAM
650 _aMALAYALAM AUTOBIOGRAPHY
942 _cBK
999 _c8633
_d8633